| 000 | 00741nam a2200253 a 4500 | ||
|---|---|---|---|
| 001 | BRCA_6473 | ||
| 005 | 20190320205453.0 | ||
| 008 | 240911s1964----enka######---#000-0#eng-# | ||
| 041 | _aeng | ||
| 044 | _aenk | ||
| 050 | 4 |
_aNK5162 _b.F76 1 1964 |
|
| 100 | 1 |
_aFrothingham, Alice Wilson _916159 |
|
| 245 | 1 | 0 |
_aSpanish glass _cby Alice Wilson Frothingham. |
| 260 |
_aLondres _bFaber and Faber _c1964 |
||
| 300 |
_a96 p. _bil. (algunas a color), 96 láminas _c26 cm. |
||
| 500 | _aIncluye índice alfabético | ||
| 500 | _aEstado físico: carece de camisa | ||
| 500 | _aEjemplar igual a S90 y 31-53 (3153) | ||
| 500 | _aM73 | ||
| 504 | _aBibliografía: p. 90-92 | ||
| 650 | 1 | 4 |
_aVidro _zEspaña _916160 |
| 902 | _aGFM | ||
| 942 |
_2lcc _cB |
||
| 999 |
_c6157 _d6157 |
||